000
00470nam a2200133Ia 4500
008
100328s9999 xx 000 0 und d
082
_b
55170
100
_a
पेंढारकर श्रीकांत
245
_a
बाबूराव नावाचे झुंबर
260
_b
मोरया
630
_a
बाबूराव नावाचे झुंबर
730
_a
बाबूराव नावाचे झुंबर
942
_c
BOOK
999
_c
541869
_d
541866